Biblioteca

Recasting theology of mission : (Registro nro. 57245)

Detalles MARC
000 -LÍDER
Campo fijo de descripción fija 01177aab a2200229 i 4500
001 - NÚMERO DE CONTROL
Campo de control 768714001
003 - IDENTIFICADOR DEL NÚMERO DE CONTROL
Campo de control CO-MdFUSB
005 - FECHA Y HORA DE LA ULTIMA TRANSACCIÓN
control field 20240809082151.0
008 - ELEMENTOS DE LONGITUD FIJA -- INFORMACIÓN GENERAL
Campo fijo de descripción fija -- Información general 240809t2001 -us||||| |||| 00| 0 eng d
040 ## - FUENTE DE CATALOGACIÓN
Idioma de catalogación spa
Agencia que realiza la transcripción CO-MdFUSB
041 ## - CÓDIGO DE IDIOMA
Código de idioma para texto/pista de sonido o título separado eng
100 1# - ASIENTO PRINCIPAL--NOMBRE PERSONAL
Nombre personal Shenk, Wilbert R.
Término relacionador autor
245 10 - TÍTULO
Título Recasting theology of mission :
Subtitulo impulses from the non-western world
Mención de responsabilidad / Wilbert R. Shenk
520 ## - NOTA DE RESUMEN, ETC.
Nota de sumario, etc. Shenk escribe: "Dado que la mayoría cristiana se encuentra ahora fuera de Occidente y las iniciativas misioneras de las iglesias de Asia, África y América Latina están a la vanguardia de la misión cristiana mundial, debemos preguntarnos: ¿Qué tipo de teología de la misión servirá mejor a la misión cristiana global en el futuro?". Como Shenk continúa sugiriendo, las voces del mundo no occidental ya no se puede ignorar.
546 ## - NOTA DE IDIOMA
Nota de idioma Texto en inglés.
650 #7 - ASIENTO SECUNDARIO DE MATERIA - TERMINO TEMÁTICO
Término temático o nombre geográfico como elemento de entrada Cristianismo
9 (RLIN) 22
650 #0 - ASIENTO SECUNDARIO DE MATERIA - TERMINO TEMÁTICO
Término temático o nombre geográfico como elemento de entrada Misiones
9 (RLIN) 154
650 #7 - ASIENTO SECUNDARIO DE MATERIA - TERMINO TEMÁTICO
Término temático o nombre geográfico como elemento de entrada Antropología cultural y social
9 (RLIN) 6714
773 0# - ASIENTO DE ITEM FUENTE
Título International Bulletin
Biblionumber 49483
Itemnumber 60996
Parte(s) relacionada(s) / Volumen., número. (mes año), páginas Volumen 25, (número 3, 2001), páginas: 98 - 107
Enumeración y primera página página: 98
942 ## - TIPO DE MATERIAL (KOHA)
Tipo de Item KOHA Artículos de Revista
945 ## - INFORMACIÓN LOCAL DEL REGISTRO
Catalogador Catherine Arias Álvarez - Practicante SENA

No hay ítems disponibles.

Biblioteca FUSBC | Teléfono: (57+4) 349 88 10 Ext. 141| WhatsApp (+57) 3005338115 
E-mail: biblioteca@unisbc.edu.co | Calle 76 87-14 Robledo Palenque, Medellín, Colombia

Con tecnología Koha